000 00421nam a2200169Ia 4500
003 GCL
008 140319s9999 xx 000 0 eng d
040 _aGCL /
_cGCL
082 0 4 _a843
_bP P
100 1 _aPENNAE, DANIEL
245 1 0 _aLA PETITE MARCHANDE DE PROSE /
_cPENNAE, DANIEL
260 _a[S.N] :
_bFOLIO ،
_c1995
300 _a402 P
650 0 4 _aLITERATURE
650 0 4 _aFRENCH LITERATURE
942 _2ddc
_cBK
999 _c21994
_d21994